Programa de ciencias naturales para educación primaria

Las ciencias naturales deben convertirse en una herramienta para conocer y transformar la naturaleza, enfrentarse a los retos que plantea la realidad circundante para satisfacer las necesidades básicas y las que se producen con la evolución social.

में बचाया:
ग्रंथसूची विवरण
मुख्य लेखक: Abril, Alvaro
अन्य लेखक: Caro, Nidia Teresa
स्वरूप: पुस्तक
भाषा:Spanish
प्रकाशित: Bogotá: Cedetrabajo, 1997
श्रृंखला:Cedetrabajo
विषय:
ऑनलाइन पहुंच:Enlace del recurso
टैग : टैग जोड़ें
कोई टैग नहीं, इस रिकॉर्ड को टैग करने वाले पहले व्यक्ति बनें!

MARC

LEADER 00000nam a2200000 a 4500
001 000569
008 031110s1997 ck a fr# #000|0#spa#d
041 0 |a spa 
043 |a s-ck--- 
082 0 4 |a 372.357  |b A163p 
100 1 |a Abril, Alvaro 
245 1 0 |a Programa de ciencias naturales para educación primaria   |c Alvaro Abril, Nidia Teresa Caro 
260 |a Bogotá:  |b Cedetrabajo,  |c 1997 
300 |a 36 p.:  |b il. 
440 0 |a Cedetrabajo 
504 |a Incluye bibliografía. 
520 3 |a Las ciencias naturales deben convertirse en una herramienta para conocer y transformar la naturaleza, enfrentarse a los retos que plantea la realidad circundante para satisfacer las necesidades básicas y las que se producen con la evolución social. 
650 1 4 |a ENSEÑANZA DE LAS CIENCIAS  |z COLOMBIA 
650 1 4 |a EDUCACIÓN PRIMARIA 
700 1 |a Caro, Nidia Teresa 
999 |c 2721  |d 2721 
856 |u https://catalogo.idep.edu.co/cgi-bin/koha/opac-detail.pl?biblionumber=2721  |z Enlace del recurso